| 000 | 00767nam a2200205 a 4500 | ||
|---|---|---|---|
| 003 | 0 | ||
| 005 | 20250310145408.0 | ||
| 008 | 080827s19uu xx 00 eng d | ||
| 050 |
_aPGS QR 82.A459 _b.C545 2008 |
||
| 100 | _aChoi, A Young. | ||
| 245 |
_aAntifungal effect of alum on Microsporum canis / _cA Young Choi. |
||
| 260 |
_aLas PiƱas City, Philippines : _bSouthville International School and Colleges, _c2008. |
||
| 300 |
_a30 pages : _billustrations ; _c28 cm. |
||
| 504 | _aIncludes bibliographical references. | ||
| 650 |
_aMicrosporum canis _vAntifungal susceptibility. |
||
| 650 |
_aAlum _vAntifungal properties. |
||
| 650 |
_aFungal infections _vControl and treatment. |
||
| 650 |
_aDermatophytes _vGrowth inhibition. |
||
| 942 |
_2lcc _cPASS |
||
| 999 |
_c98022 _d98022 |
||